25 Most Popular Video Games Ever - Statistics

General Stats
  • This quiz has been taken 1,162 times
  • The average score is 5 of 25
Answer Stats
Answer % Correct
18 Grand Theft Auto: Vice City
62%
6 Call of Duty 4: Modern Warfare
57%
23 Super Mario 64
56%
21 Tetris
48%
25 Legend of Zelda
38%
14 Halo 2
32%
1 Pac-man
31%
24 Pokemon Red, Blue, and Green
27%
2 Donkey Kong Country
20%
10 Doom
16%
11 World of Warcraft
15%
19 Final Fantasy VII
14%
7 Street Fighter 2
14%
15 Resident Evil IV
12%
17 Half-Life 2
11%
22 The Sims
9%
8 Metal Gear Solid
8%
3 Need for Speed
8%
12 GoldenEye 007
5%
16 Starcraft
5%
13 Chrono Trigger
2%
5 Sid Meier's Civilization
2%
9 Super Metroid
2%
4 Brain Age
1%
20 Nintendogs
1%
No matching quizzes found
Score Distribution
Percent of People with Each Score
Percentile by Number Answered
Your Score History
You have not taken this quiz